[Event "Ruhrgebiet-ch Seniors 11th"]
[Site "Essen"]
[Date "2004.03.23"]
[Round "8"]
[White "Nietmann, Friedrich"]
[Black "Burnat, Horst"]
[Result "0-1"]
[WhiteElo "1373"]
[BlackElo "1616"]
[PlyCount "114"]
[EventDate "2004.03.08"]
[EventType "swiss"]
[EventRounds "9"]
[EventCountry "GER"]
[SourceTitle "EXT 2006"]
[Source "ChessBase"]
[SourceDate "2005.11.24"]
[SourceVersion "1"]
[SourceVersionDate "2005.11.24"]
[SourceQuality "1"]

1. Nf3 Nc6 2. c4 e5 3. Nc3 Nf6 4. d3 Be7 5. g3 d6 6. Bg2 0-0 7. 0-0 Bd7 8. e3 Rb8 9. Qc2 Bf5 10. a3 Qc8 11. Ng5 h6 12. Nge4 Bh3 13. Nxf6+ Bxf6 14. Nd5 Bd8 15. f4 Bxg2 16. Kxg2 exf4 17. Rxf4 Bg5 18. Rf3 Ne5 19. Rf4 c6 20. h4 Bd8 21. Nc3 g5 22. hxg5 Bxg5 23. Rd4 Qe6 24. Qe2 f5 25. Qh5 c5 26. Rd5 Ng4 27. Nd1 Kg7 28. b4 Kh7 29. Kf3 Nf6 30. Qh3 Nxd5 31. cxd5 Qxd5+ 32. Ke2 Rbe8 33. Nc3 Qe6 34. e4 Bxc1 35. Rxc1 cxb4 36. Nd5 Qe5 37. Rc7+ Kg8 38. Qxh6 Rf7 39. Rxf7 Kxf7 40. Qh7+ Kf8 41. Qh6+ Qg7 42. Qxd6+ Kf7 43. Qd7+ Kf8 44. Qxf5+ Qf7 45. Qg5 bxa3 46. Nc3 a2 47. Qc5+ Kg7 48. Qd4+ Kh7 49. Qxa7 Rc8 50. Kd2 Qb3 51. Qxa2 Qxc3+ 52. Ke3 Qc5+ 53. Ke2 Rf8 54. Qc4 Rf2+ 55. Kd1 Rf1+ 56. Kd2 Qf2+ 57. Kc3 Rc1+ 0-1

[Event "Ruhrgebiet-ch Seniors 11th"]
[Site "Essen"]
[Date "2004.03.22"]
[Round "7"]
[White "Heldt, Heinrich"]
[Black "Nietmann, Friedrich"]
[Result "1-0"]
[WhiteElo "1860"]
[BlackElo "1373"]
[PlyCount "97"]
[EventDate "2004.03.08"]
[EventType "swiss"]
[EventRounds "9"]
[EventCountry "GER"]
[SourceTitle "EXT 2006"]
[Source "ChessBase"]
[SourceDate "2005.11.24"]
[SourceVersion "1"]
[SourceVersionDate "2005.11.24"]
[SourceQuality "1"]

1. e4 d6 2. d4 g6 3. Nc3 Nf6 4. h3 Bg7 5. Be3 0-0 6. Nf3 c6 7. Qd2 b5 8. a3 a5 9. Bd3 Bb7 10. Bh6 Qb6 11. Bxg7 Kxg7 12. Ne2 Nbd7 13. c3 c5 14. Qe3 Qc6 15. d5 Qb6 16. 0-0 Rae8 17. Ng3 e5 18. Qg5 h6 19. Nf5+ Kg8 20. Nxh6+ Kh7 21. Nh4 Nh5 22. Nxf7 Nf4 23. Qh6+ Kg8 24. Nxg6 Kxf7 25. Nxf4 exf4 26. Qh7+ Kf6 27. Qxd7 c4 28. Qf5+ Ke7 29. Qg5+ Kd7 30. Be2 Kc7 31. Bf3 Kb8 32. a4 Re5 33. Qg7 Qd8 34. axb5 Rg8 35. Qf7 Rf8 36. Qg7 Rg8 37. Qh6 Rh8 38. Qxf4 Rh4 39. Qg3 Rh8 40. Ra4 Rg8 41. Bg4 Rxe4 42. Rfa1 Re5 43. Rxa5 Qb6 44. Qf4 Bxd5 45. Bf3 Qxa5 46. Rxa5 Re1+ 47. Kh2 Bxf3 48. Qxf3 Kc7 49. Qc6+ 1-0

[Event "Dortmund2"]
[Site "Dortmund"]
[Date "2003.04.16"]
[Round "5"]
[White "Grawe, Herbert"]
[Black "Nietmann, Friedrich"]
[Result "1-0"]
[WhiteElo "1427"]
[BlackElo "1344"]
[PlyCount "101"]
[EventDate "2003.03.26"]
[EventType "tourn"]
[EventRounds "13"]
[EventCountry "GER"]
[SourceTitle "EXT 2007"]
[Source "ChessBase"]
[SourceDate "2006.11.23"]
[SourceVersion "1"]
[SourceVersionDate "2006.11.23"]
[SourceQuality "1"]

1. d4 d6 2. e4 Nf6 3. Nc3 c6 4. h3 g6 5. f4 Bg7 6. Nf3 0-0 7. Bd3 b5 8. 0-0 Ba6 9. Ne2 c5 10. c3 Qb6 11. Be3 Nbd7 12. Qe1 c4 13. Bc2 Bb7 14. Ng3 d5 15. e5 Ne8 16. Qd2 e6 17. Rf2 f6 18. Raf1 a5 19. h4 Bh6 20. h5 f5 21. hxg6 hxg6 22. Nh4 Kf7 23. Qe2 Ng7 24. Nh1 Qd8 25. g3 b4 26. Rh2 Rh8 27. Qf2 bxc3 28. bxc3 a4 29. g4 g5 30. Ng2 gxf4 31. Nxf4 Bxf4 32. Qxf4 Rxh2 33. Qxh2 Qh8 34. Bh6 Rg8 35. Bxa4 Bc8 36. Ng3 Ke8 37. g5 Kd8 38. Ne2 Nf8 39. Nf4 Ne8 40. Rf3 Ng6 41. Nh5 Qh7 42. Bxe8 Qxh6 43. gxh6 Nh4+ 44. Kf2 Nxf3 45. Kxf3 Rxe8 46. Nf6 Rh8 47. h7 Ke7 48. Kf4 Bb7 49. Kg5 Bc6 50. Kh6 Kf8 51. Qg2 1-0

[Event "Ruhrgebiet-ch Seniors 10th"]
[Site "Essen"]
[Date "2003.04.08"]
[Round "8"]
[White "Nietmann, Friedrich"]
[Black "Dehring, Guenter"]
[Result "1/2-1/2"]
[WhiteElo "1379"]
[BlackElo "1341"]
[PlyCount "100"]
[EventDate "2003.04.??"]
[EventType "swiss"]
[EventRounds "9"]
[EventCountry "GER"]
[SourceTitle "EXT 2006"]
[Source "ChessBase"]
[SourceDate "2005.11.24"]
[SourceVersion "1"]
[SourceVersionDate "2005.11.24"]
[SourceQuality "1"]

1. Nf3 d6 2. d4 h6 3. c4 Bf5 4. Nc3 e6 5. g3 Be7 6. Bg2 c6 7. 0-0 Nf6 8. Re1 0-0 9. e4 Bg4 10. Qd3 Bxf3 11. Qxf3 Nbd7 12. Bf4 a6 13. e5 dxe5 14. dxe5 Nh7 15. Rad1 Qc7 16. h4 Nb6 17. Re4 Rad8 18. Qg4 Rxd1+ 19. Nxd1 Kh8 20. Qh5 Nd7 21. Ne3 f5 22. exf6 Ndxf6 23. Bxc7 Nxh5 24. Rxe6 Bd8 25. Bd6 Rg8 26. Ng4 N5f6 27. Ne5 Nf8 28. Bxf8 Rxf8 29. Ng6+ Kg8 30. Nxf8 Kxf8 31. Bf3 Bc7 32. b3 Kf7 33. Re2 Bb6 34. h5 Kf8 35. g4 Kf7 36. Kg2 Bc7 37. Kh3 Bf4 38. Bg2 Nd7 39. Re4 Bc7 40. f3 Nf6 41. Rd4 Ke7 42. f4 Bb6 43. Rd3 Bc7 44. Re3+ Kf7 45. Rf3 Nh7 46. Rf1 Nf8 47. g5 Ne6 48. Kg4 Nd4 49. g6+ Kf6 50. f5 Be5 1/2-1/2

[Event "Ruhrgebiet-ch Seniors 10th"]
[Site "Essen"]
[Date "2003.03.26"]
[Round "3"]
[White "Nietmann, Friedrich"]
[Black "Plasswich, Heribert"]
[Result "1/2-1/2"]
[WhiteElo "1379"]
[BlackElo "1770"]
[PlyCount "81"]
[EventDate "2003.04.??"]
[EventType "swiss"]
[EventRounds "9"]
[EventCountry "GER"]
[SourceTitle "EXT 2006"]
[Source "ChessBase"]
[SourceDate "2005.11.24"]
[SourceVersion "1"]
[SourceVersionDate "2005.11.24"]
[SourceQuality "1"]

1. Nf3 e6 2. c4 d5 3. cxd5 exd5 4. e3 Nf6 5. Nc3 c6 6. g3 Bg4 7. Bg2 Bd6 8. 0-0 0-0 9. Qb3 Qd7 10. d3 Na6 11. d4 b6 12. Qa4 Nc7 13. Ne5 Bxe5 14. dxe5 Nfe8 15. Qf4 f6 16. f3 Be6 17. Rd1 fxe5 18. Qxe5 c5 19. Ne4 Qc6 20. Nf2 Nb5 21. a4 Nbc7 22. b3 Rd8 23. Bb2 Qd7 24. Qc3 Qf7 25. b4 c4 26. Rd4 Qg6 27. e4 Nf6 28. e5 Nd7 29. Bh3 Bxh3 30. Nxh3 Nxe5 31. Nf4 Qf7 32. Rf1 g5 33. Rf2 Rde8 34. Rg2 h6 35. Kf2 gxf4 36. gxf4+ Ng6 37. f5 Qxf5 38. Rxg6+ Qxg6 39. Rg4 Qxg4 40. Qh8+ Kf7 41. Qf6+ 1/2-1/2

[Event "Dortmund ABC Aufstreber 18th"]
[Site "Dortmund"]
[Date "2002.11.16"]
[Round "9"]
[White "Wolff, Holger"]
[Black "Nietmann, Friedrich"]
[Result "1-0"]
[WhiteElo "1493"]
[BlackElo "1323"]
[PlyCount "105"]
[EventDate "2002.10.11"]
[EventType "tourn"]
[EventRounds "13"]
[EventCountry "GER"]
[SourceTitle "EXT 2004"]
[Source "ChessBase"]
[SourceDate "2003.11.25"]
[SourceVersion "1"]
[SourceVersionDate "2003.11.25"]
[SourceQuality "1"]

1. d4 Nf6 2. Bg5 e6 3. Nf3 d6 4. Nbd2 Be7 5. c4 0-0 6. e4 h6 7. Bh4 Nbd7 8. Bd3 e5 9. dxe5 Nxe5 10. Nxe5 dxe5 11. Nf3 Bg4 12. 0-0 Nh5 13. Bxe7 Qxe7 14. h3 Bxf3 15. Qxf3 Nf4 16. Rfd1 Rad8 17. Bc2 Qb4 18. Qb3 Qc5 19. Rxd8 Rxd8 20. Rd1 Ne2+ 21. Kf1 Nd4 22. Qc3 a5 23. a3 Rd6 24. b4 axb4 25. axb4 Qa7 26. Ra1 Qb8 27. Ra5 Qe8 28. c5 Rf6 29. Ba4 c6 30. Bd1 Qd8 31. Qa1 Qc7 32. Ra8+ Kh7 33. Re8 Re6 34. Qa8 Rxe8 35. Qxe8 Kg6 36. Ke1 Kf6 37. Kd2 Qe7 38. Qxe7+ Kxe7 39. Kd3 Ne6 40. g3 f6 41. h4 g6 42. Bg4 Nd8 43. Bc8 Ke8 44. Kc4 Ke7 45. b5 Ke8 46. Kb4 Ke7 47. Ka5 cxb5 48. Kxb5 Nc6 49. Bxb7 Nd4+ 50. Kb6 Ne6 51. Bd5 Nd8 52. c6 Nf7 53. Bxf7 1-0

[Event "Dortmund ABC Aufstreber 18th"]
[Site "Dortmund"]
[Date "2002.11.01"]
[Round "6"]
[White "Nietmann, Friedrich"]
[Black "Schoenfelder, Frank"]
[Result "1-0"]
[WhiteElo "1323"]
[BlackElo "1400"]
[PlyCount "47"]
[EventDate "2002.10.11"]
[EventType "tourn"]
[EventRounds "13"]
[EventCountry "GER"]
[SourceTitle "EXT 2004"]
[Source "ChessBase"]
[SourceDate "2003.11.25"]
[SourceVersion "1"]
[SourceVersionDate "2003.11.25"]
[SourceQuality "1"]

1. Nf3 e6 2. c4 b6 3. g3 Bb7 4. Bg2 c5 5. Nc3 Nf6 6. 0-0 d5 7. d3 Be7 8. Bf4 a6 9. cxd5 Nxd5 10. Nxd5 Bxd5 11. e4 Bb7 12. Ne5 0-0 13. Nc4 b5 14. Ne3 Nd7 15. Qb3 e5 16. Bh6 Bf6 17. Nf5 gxh6 18. Nxh6+ Kg7 19. Nf5+ Kg6 20. Qd1 h5 21. Bf3 Rh8 22. h4 Bc8 23. Bxh5+ Kh7 24. Bxf7 1-0

[Event "Dortmund ABC Aufstreber 18th"]
[Site "Dortmund"]
[Date "2002.10.23"]
[Round "4"]
[White "Nietmann, Friedrich"]
[Black "Gerke, Dieter"]
[Result "1/2-1/2"]
[WhiteElo "1323"]
[BlackElo "1500"]
[PlyCount "88"]
[EventDate "2002.10.11"]
[EventType "tourn"]
[EventRounds "13"]
[EventCountry "GER"]
[SourceTitle "EXT 2004"]
[Source "ChessBase"]
[SourceDate "2003.11.25"]
[SourceVersion "1"]
[SourceVersionDate "2003.11.25"]
[SourceQuality "1"]

1. Nf3 Nf6 2. c4 e6 3. Nc3 Be7 4. g3 0-0 5. Bg2 d5 6. d3 dxc4 7. dxc4 Qxd1+ 8. Nxd1 Nc6 9. 0-0 Bc5 10. a3 a5 11. Nc3 Nd4 12. Nxd4 Bxd4 13. Nb5 Bb6 14. Bf4 Ne8 15. b4 c6 16. Nd6 Bd4 17. Rad1 e5 18. Nxc8 Rxc8 19. Bd2 axb4 20. Bxb4 c5 21. Bd2 Nf6 22. e3 Bb2 23. a4 Rcd8 24. a5 e4 25. f3 Rfe8 26. Kf2 exf3 27. Bxf3 Ne4+ 28. Ke2 Nd6 29. Bd5 Re7 30. Rf4 Rde8 31. Kd3 Kf8 32. Rb1 Ba3 33. Rb6 Rd8 34. e4 Nc8 35. Rb3 Bb4 36. Bxb4 cxb4 37. Rxb4 Na7 38. Kc3 Nc6 39. Bxc6 bxc6 40. c5 Ra7 41. Rb6 Rxa5 42. Rxc6 Ra3+ 43. Kb4 Ra1 44. Kc4 Rc1+ 1/2-1/2

[Event "Dortmund ABC Anfaenger 16th"]
[Site "Dortmund"]
[Date "2001.12.12"]
[Round "13"]
[White "Nietmann, Friedrich"]
[Black "Stoermer, Wolfram"]
[Result "1/2-1/2"]
[WhiteElo "1260"]
[BlackElo "1267"]
[PlyCount "60"]
[EventDate "2001.??.??"]
[EventType "tourn"]
[EventRounds "13"]
[EventCountry "GER"]
[SourceTitle "EXT 2003"]
[Source "ChessBase"]
[SourceDate "2002.11.25"]
[SourceVersion "1"]
[SourceVersionDate "2002.11.25"]
[SourceQuality "1"]

1. Nf3 Nf6 2. c4 e6 3. Nc3 c5 4. g3 d5 5. cxd5 exd5 6. d3 d4 7. Nb1 Nc6 8. Bg2 Be7 9. 0-0 0-0 10. Nbd2 Be6 11. b3 Qd7 12. Ba3 Bh3 13. Re1 Bxg2 14. Kxg2 Qd5 15. Kg1 Bd6 16. Nc4 Rad8 17. Nxd6 Rxd6 18. Bc1 Re8 19. Bf4 Rde6 20. Ng5 R6e7 21. Nf3 Nh5 22. Bd2 Ne5 23. Nh4 Re6 24. e4 dxe3 25. Rxe3 Nf6 26. Bc3 Nfg4 27. Re4 Nf6 28. Rxe5 Rxe5 29. Bxe5 Rxe5 30. Nf3 Rf5 1/2-1/2

[Event "Dortmund ABC Anfaenger 16th"]
[Site "Dortmund"]
[Date "2001.10.13"]
[Round "2"]
[White "Nietmann, Friedrich"]
[Black "Netz, Herbert"]
[Result "0-1"]
[WhiteElo "1260"]
[BlackElo "1257"]
[PlyCount "108"]
[EventDate "2001.??.??"]
[EventType "tourn"]
[EventRounds "13"]
[EventCountry "GER"]
[SourceTitle "EXT 2003"]
[Source "ChessBase"]
[SourceDate "2002.11.25"]
[SourceVersion "1"]
[SourceVersionDate "2002.11.25"]
[SourceQuality "1"]

1. Nf3 d5 2. c4 d4 3. c5 Nc6 4. d3 e5 5. Qc2 Be6 6. a3 b6 7. b4 Qd5 8. Nbd2 bxc5 9. b5 Nce7 10. Ng5 Bd7 11. a4 Ng6 12. Nge4 Bf5 13. Ng3 Be6 14. Nc4 Nf6 15. Bg5 Be7 16. e4 dxe3 17. Nxe3 Qd7 18. Bxf6 Bxf6 19. Ne4 Be7 20. Nc4 f5 21. Ng3 Bf6 22. Rd1 Nf4 23. Ne2 Nd5 24. Qd2 c6 25. g3 cxb5 26. axb5 0-0 27. Bg2 Qxb5 28. 0-0 e4 29. Rb1 Qa6 30. Rb3 Rfd8 31. Ra3 Qb5 32. Ra5 Qb3 33. Na3 exd3 34. Bxd5 Qxd5 35. Nf4 Qa2 36. Qe3 Bb3 37. Nc4 Ba4 38. Qe6+ Kh8 39. Rxa4 Qxa4 40. Nd6 Rf8 41. Nh5 d2 42. Nxf6 gxf6 43. Nf7+ Kg7 44. Nd6 d1Q 45. Nxf5+ Kg6 46. Rxd1 Qxd1+ 47. Kg2 Qb1 48. Ne7+ Kg7 49. Nf5+ Kh8 50. h4 Rae8 51. Qd7 Qe4+ 52. Kh2 Rg8 53. Nh6 Re7 54. Nf7+ Kg7 0-1

[Event "Dortmund2"]
[Site "Dortmund"]
[Date "2001.06.09"]
[Round "10"]
[White "Grawe, Herbert"]
[Black "Nietmann, Friedrich"]
[Result "1-0"]
[WhiteElo "1409"]
[BlackElo "1378"]
[PlyCount "53"]
[EventDate "2001.04.25"]
[EventType "tourn"]
[EventRounds "13"]
[EventCountry "GER"]
[SourceTitle "EXT 2007"]
[Source "ChessBase"]
[SourceDate "2006.11.23"]
[SourceVersion "1"]
[SourceVersionDate "2006.11.23"]
[SourceQuality "1"]

1. d4 Nf6 2. Nc3 g6 3. e4 d6 4. f4 Bg7 5. Nf3 c6 6. e5 dxe5 7. fxe5 Nd5 8. Bc4 Nxc3 9. bxc3 e6 10. 0-0 Nd7 11. Ba3 a5 12. Qe1 Nb6 13. Bb3 Nd5 14. Qg3 h6 15. Nh4 Nxc3 16. Qxc3 Qxh4 17. g3 Qd8 18. Rf4 Qd7 19. Raf1 b5 20. Qf3 b4 21. Rxf7 Qxd4+ 22. Kh1 Qc5 23. Rxg7 Ra7 24. Rxa7 Qxa7 25. Qf6 Rg8 26. Bb2 c5 27. Ba4+ 1-0

[Event "Dortmund2"]
[Site "Dortmund"]
[Date "2001.04.28"]
[Round "2"]
[White "Szablewicz, Christof"]
[Black "Nietmann, Friedrich"]
[Result "1-0"]
[WhiteElo "1369"]
[BlackElo "1378"]
[PlyCount "85"]
[EventDate "2001.04.25"]
[EventType "tourn"]
[EventRounds "13"]
[EventCountry "GER"]
[SourceTitle "EXT 2007"]
[Source "ChessBase"]
[SourceDate "2006.11.23"]
[SourceVersion "1"]
[SourceVersionDate "2006.11.23"]
[SourceQuality "1"]

1. e4 d6 2. f4 g6 3. d4 Bg7 4. c3 Nf6 5. e5 dxe5 6. fxe5 Nd5 7. h3 e6 8. Nf3 c6 9. Bd3 Qc7 10. 0-0 h6 11. Nbd2 Nd7 12. Nc4 Bf8 13. Nh2 N7b6 14. Nxb6 Nxb6 15. Qf3 Qe7 16. Ng4 Bg7 17. b3 c5 18. Be3 Nd5 19. Bb5+ Bd7 20. Bxd7+ Qxd7 21. dxc5 Nxe3 22. Qxe3 Qc7 23. Nf6+ Bxf6 24. Rxf6 Rd8 25. Raf1 Rh7 26. Qf2 Rd5 27. Rxe6+ Kf8 28. Rxg6 Qxe5 29. Rxh6 Qg7 30. Rxh7 Qxh7 31. c6 bxc6 32. Qxa7 Qg6 33. c4 Rd2 34. Rf2 Rd1+ 35. Kh2 Qd6+ 36. g3 Qe6 37. a4 Rd7 38. Qb8+ Kg7 39. Qf4 Kf8 40. a5 c5 41. h4 Rd4 42. Qf3 Rg4 43. Qb7 1-0

[Event "Dortmund ABC Aufstreber 14th"]
[Site "Dortmund"]
[Date "2000.11.18"]
[Round "9"]
[White "Noori, Mir Ahmad"]
[Black "Nietmann, Friedrich"]
[Result "1-0"]
[WhiteElo "1578"]
[BlackElo "1436"]
[PlyCount "99"]
[EventDate "2000.??.??"]
[EventType "tourn"]
[EventRounds "11"]
[EventCountry "GER"]
[SourceTitle "EXT 2003"]
[Source "ChessBase"]
[SourceDate "2002.11.25"]
[SourceVersion "1"]
[SourceVersionDate "2002.11.25"]
[SourceQuality "1"]

1. d4 Nf6 2. e3 d6 3. c4 c6 4. g3 Na6 5. Bg2 Rb8 6. Nf3 g6 7. b3 Bf5 8. a3 Bg7 9. Bb2 0-0 10. 0-0 Nc7 11. Nbd2 d5 12. Rc1 Be6 13. c5 Qd7 14. Ne5 Qc8 15. Ndf3 Bg4 16. Nxg4 Nxg4 17. Bh3 f5 18. b4 Nf6 19. Bg2 Ne4 20. Nd2 Nxd2 21. Qxd2 Bh6 22. h4 Qe8 23. Qe2 Bg7 24. f4 Qf7 25. Bf3 h5 26. Qc2 a6 27. a4 e6 28. Bc3 Ne8 29. Rb1 Nf6 30. b5 Rfc8 31. Rb2 Ne4 32. Bxe4 fxe4 33. Rfb1 cxb5 34. axb5 axb5 35. Rxb5 Rc6 36. Qb3 b6 37. Be1 Qf5 38. Rxb6 Rbxb6 39. cxb6 Qg4 40. b7 Qe2 41. b8Q+ Kh7 42. Bf2 Rc2 43. Qxc2 Qxc2 44. Qb2 Qd3 45. Qb6 Qc2 46. Re1 Qc8 47. Qc5 Qb7 48. Rc1 Qb2 49. Qc6 Qd2 50. Rf1 1-0

[Event "Dortmund ABC Aufstreber 14th"]
[Site "Dortmund"]
[Date "2000.10.14"]
[Round "2"]
[White "Koch, Daniel"]
[Black "Nietmann, Friedrich"]
[Result "1/2-1/2"]
[WhiteElo "1558"]
[BlackElo "1436"]
[PlyCount "66"]
[EventDate "2000.??.??"]
[EventType "tourn"]
[EventRounds "11"]
[EventCountry "GER"]
[SourceTitle "EXT 2003"]
[Source "ChessBase"]
[SourceDate "2002.11.25"]
[SourceVersion "1"]
[SourceVersionDate "2002.11.25"]
[SourceQuality "1"]

1. b3 Nf6 2. Bb2 d6 3. e3 Nbd7 4. d4 g6 5. Nf3 Bg7 6. Bd3 0-0 7. c4 c6 8. Qc2 a6 9. 0-0 b5 10. Nbd2 Nb6 11. Bc3 Nbd7 12. e4 Qc7 13. Rfe1 Nh5 14. e5 dxe5 15. Nxe5 Nxe5 16. dxe5 Nf4 17. Nf3 Nxd3 18. Qxd3 Bf5 19. Qe3 c5 20. Nh4 Be6 21. Qe4 b4 22. Bb2 a5 23. a4 Rad8 24. Rad1 Rd7 25. f4 Rfd8 26. Qe2 Rxd1 27. Rxd1 Rxd1+ 28. Qxd1 Qd7 29. Qxd7 Bxd7 30. Nf3 Bf5 31. Kf2 h6 32. h4 Bc2 33. Nd2 e6 1/2-1/2